[Event "Belgrade tt Cup"]
[Site "Belgrade"]
[Date "2009.04.10"]
[Round "3"]
[White "Cukic, Goran"]
[Black "Djerfi, Karolj"]
[Result "0-1"]
[WhiteElo "1893"]
[BlackElo "2344"]
[PlyCount "136"]
[EventDate "2009.04.08"]
[EventType "team-tourn"]
[EventRounds "5"]
[EventCountry "YUG"]
[SourceTitle "CBM 129 Extra"]
[Source "ChessBase"]
[SourceDate "2009.05.05"]
[SourceVersion "2"]
[SourceVersionDate "2009.05.20"]
[SourceQuality "1"]

1. e4 c5 2. c3 d5 3. exd5 Qxd5 4. d4 Nf6 5. Nf3 e6 6. Be2 Nc6 7. dxc5 Qxd1+ 8. Bxd1 Bxc5 9. 0-0 h6 10. a4 b6 11. b4 Be7 12. Nbd2 0-0 13. Nb3 a6 14. b5 axb5 15. axb5 Rxa1 16. Nxa1 Na5 17. Nb3 Nxb3 18. Bxb3 Bb7 19. Be3 Nd7 20. Nd4 Nc5 21. Nc6 Bf6 22. Bxc5 bxc5 23. Na5 Be4 24. Rc1 Ra8 25. Nc4 Bxc3 26. Nd6 Bd5 27. b6 Be5 28. Nc4 Bd4 29. h4 Kf8 30. Nd2 Rb8 31. Bxd5 exd5 32. Nb3 Rxb6 33. Nxc5 Rb2 34. Nd3 Rd2 35. Rc8+ Ke7 36. Nb4 Bxf2+ 37. Kf1 Bxh4 38. Rc7+ Ke6 39. Rc6+ Kf5 40. Rd6 Ke5 41. Rd7 Ke6 42. Ra7 Bf6 43. Ra6+ Kf5 44. Ra5 Ke4 45. Nc6 Rc2 46. Nb4 Rc1+ 47. Ke2 Bc3 48. Ra4 Bxb4 49. Rxb4+ Ke5 50. Rb7 Ke6 51. Rb6+ Ke5 52. Rb7 Rc2+ 53. Kf3 Kf6 54. Rb6+ Kf5 55. Rb7 Kg6 56. Rb6+ f6 57. Rd6 Rd2 58. Rd7 h5 59. g3 Rd3+ 60. Kf4 Rd4+ 61. Kf3 Kh6 62. Rf7 Re4 63. Rd7 Re5 64. g4 hxg4+ 65. Kxg4 Kg6 66. Rd6 Kh6 67. Kf4 g5+ 68. Kg4 Kg6 0-1

[Event "Belgrade Winter op"]
[Site "Belgrade"]
[Date "2006.01.26"]
[Round "6"]
[White "Cukic, Goran"]
[Black "Sekulovic, Dusica"]
[Result "1/2-1/2"]
[WhiteElo "1899"]
[BlackElo "1741"]
[PlyCount "46"]
[EventDate "2006.01.21"]
[EventType "swiss"]
[EventRounds "9"]
[EventCountry "YUG"]
[SourceTitle "CBM 110 Extra"]
[Source "ChessBase"]
[SourceDate "2006.03.10"]
[SourceVersion "2"]
[SourceVersionDate "2006.03.10"]
[SourceQuality "1"]

1. e4 d5 2. e5 g6 3. d4 Bg7 4. Bd3 c5 5. c3 Nc6 6. Ne2 Bg4 7. f3 Bd7 8. Be3 cxd4 9. cxd4 Qb6 10. Nbc3 Nxe5 11. Nxd5 Qa5+ 12. Nec3 Nxd3+ 13. Qxd3 e6 14. b4 Qd8 15. Nf4 Nf6 16. 0-0 0-0 17. Rfd1 Bc6 18. Rac1 Rc8 19. d5 Bxd5 20. Ncxd5 Nxd5 21. Rxc8 Qxc8 22. Nxd5 exd5 23. Qxd5 b6 1/2-1/2

[Event "Belgrade Spring op"]
[Site "Belgrade"]
[Date "2005.04.01"]
[Round "8"]
[White "Cukic, Goran"]
[Black "Penev, Ivan"]
[Result "0-1"]
[WhiteElo "1896"]
[BlackElo "2038"]
[PlyCount "96"]
[EventDate "2005.03.25"]
[EventType "swiss"]
[EventRounds "9"]
[EventCountry "YUG"]
[SourceTitle "CBM 105 Extra"]
[Source "ChessBase"]
[SourceDate "2005.05.01"]
[SourceVersion "1"]
[SourceVersionDate "2005.05.01"]
[SourceQuality "1"]

1. e4 e5 2. Nf3 Nc6 3. Bb5 Nge7 4. 0-0 g6 5. c3 Bg7 6. d4 exd4 7. cxd4 0-0 8. Bg5 h6 9. Be3 d5 10. e5 f6 11. Nc3 fxe5 12. Nxe5 Nxe5 13. dxe5 c6 14. Bd3 Kh7 15. Bd4 Nf5 16. Bc5 Rf7 17. f4 b6 18. Bf2 Be6 19. Qe1 Qd7 20. h3 Raf8 21. g4 Ne7 22. Bg3 h5 23. f5 Nxf5 24. gxf5 Bxf5 25. Bxf5 Rxf5 26. Rxf5 Qxf5 27. h4 Qh3 28. Ne2 Bxe5 29. Bxe5 Qe3+ 30. Kg2 Qe4+ 31. Kg1 Qxe5 32. Nc3 Qd4+ 33. Kg2 Qb4 34. b3 Rf4 35. Ne2 Qe4+ 36. Kh3 Rf3+ 37. Ng3 Re3 38. Qf2 Rf3 39. Qe1 Re3 40. Qf2 Qe6+ 41. Kg2 d4 42. Qf4 Qd5+ 43. Kf2 Re7 44. Kg1 Rf7 45. Qe4 Qd6 46. Qd3 Rf4 47. Nxh5 Rg4+ 48. Kf2 Qh2+ 0-1

[Event "Belgrade Spring op"]
[Site "Belgrade"]
[Date "2005.03.25"]
[Round "1"]
[White "Cukic, Goran"]
[Black "Klasan, Vladimir"]
[Result "0-1"]
[WhiteElo "2029"]
[BlackElo "2157"]
[PlyCount "84"]
[EventDate "2005.03.25"]
[EventType "swiss"]
[EventRounds "9"]
[EventCountry "YUG"]
[SourceTitle "CBM 105 Extra"]
[Source "ChessBase"]
[SourceDate "2005.05.01"]
[SourceVersion "1"]
[SourceVersionDate "2005.05.01"]
[SourceQuality "1"]

1. e4 c5 2. Nf3 d6 3. Nc3 Nf6 4. d4 cxd4 5. Nxd4 Nc6 6. Be2 e5 7. Nb3 Be7 8. 0-0 Be6 9. Be3 0-0 10. f4 exf4 11. Rxf4 d5 12. Nd4 Bd6 13. Rxf6 Qxf6 14. exd5 Qe5 15. dxc6 Qxe3+ 16. Kh1 Qh6 17. Nf3 Bg4 18. Qg1 bxc6 19. Ne4 Rfe8 20. Bd3 Bxf3 21. gxf3 Be5 22. Ng5 Bf6 23. f4 Bxg5 24. fxg5 Qe6 25. b3 Rad8 26. Qxa7 Qd5+ 27. Kg1 Qxg5+ 28. Kh1 Qd5+ 29. Kg1 Re5 30. h4 c5 31. Rf1 Qd4+ 32. Rf2 Re1+ 33. Bf1 Qg4+ 34. Kh2 Qxh4+ 35. Kg2 Qg5+ 36. Kh3 Re3+ 37. Kh2 Qh4+ 38. Kg1 Rg3+ 39. Bg2 Rd1+ 40. Rf1 Rxg2+ 41. Kxg2 Qg4+ 42. Kf2 Qf4+ 0-1

[Event "Belgrade Zimski op"]
[Site "Belgrade"]
[Date "2005.01.29"]
[Round "7"]
[White "Cukic, Goran"]
[Black "Mitrovic, Vladan"]
[Result "1-0"]
[WhiteElo "2023"]
[BlackElo "1950"]
[PlyCount "65"]
[EventDate "2005.01.22"]
[EventType "swiss"]
[EventRounds "9"]
[EventCountry "YUG"]
[SourceTitle "CBM 104 Extra"]
[Source "ChessBase"]
[SourceDate "2005.03.01"]
[SourceVersion "1"]
[SourceVersionDate "2005.03.01"]
[SourceQuality "1"]

1. e4 e5 2. Nf3 Qe7 3. Nc3 c6 4. Bc4 d6 5. h3 f6 6. 0-0 g5 7. d4 h5 8. dxe5 dxe5 9. Be3 g4 10. Nh4 Qh7 11. f4 Nh6 12. fxe5 fxe5 13. Bxh6 Bc5+ 14. Kh1 Qxh6 15. Bf7+ Kf8 16. Ng6+ Kg7 17. Nxh8 Qxh8 18. Qd2 Be7 19. Bb3 Kg6 20. Qf2 Bf6 21. h4 g3 22. Qxg3+ Bg4 23. Rad1 Qe8 24. Rd6 Nd7 25. Qe3 Kg7 26. Qg3 Qe7 27. Re6 Qc5 28. Nd1 Rf8 29. Ne3 Kh7 30. Nf5 a5 31. Qd3 Nb6 32. Qd2 Bg7 33. Qh6+ 1-0

[Event "Belgrade Zimski op"]
[Site "Belgrade"]
[Date "2005.01.28"]
[Round "6"]
[White "Vukovic, Ljubomir"]
[Black "Cukic, Goran"]
[Result "1-0"]
[WhiteElo "1963"]
[BlackElo "2023"]
[PlyCount "96"]
[EventDate "2005.01.22"]
[EventType "swiss"]
[EventRounds "9"]
[EventCountry "YUG"]
[SourceTitle "CBM 104 Extra"]
[Source "ChessBase"]
[SourceDate "2005.03.01"]
[SourceVersion "1"]
[SourceVersionDate "2005.03.01"]
[SourceQuality "1"]

1. f4 d5 2. Nf3 c5 3. d3 Nc6 4. c3 Nf6 5. Be3 e6 6. Nbd2 Bd6 7. g3 0-0 8. h3 e5 9. fxe5 Nxe5 10. Bf2 Qc7 11. g4 Re8 12. Qc2 Nxf3+ 13. Nxf3 Bg3 14. Bg2 Bxg4 15. hxg4 Bxf2+ 16. Kxf2 Nxg4+ 17. Kg1 Ne3 18. Qd2 Qg3 19. Nh4 d4 20. Qe1 Qg4 21. Qf2 g5 22. Nf3 h5 23. Rh3 h4 24. Re1 Rad8 25. Nh2 Qh5 26. Bf3 Qg6 27. Kh1 Qf5 28. Rxh4 gxh4 29. Rg1+ Kf8 30. Qxh4 Rd6 31. Rg5 Qc8 32. Ng4 Nxg4 33. Bxg4 Qc6+ 34. Bf3 Rh6 35. Rh5 Rxh5 36. Qxh5 Qf6 37. Qxc5+ Kg8 38. Qxd4 Re5 39. Kg2 Kg7 40. Kf2 b6 41. a4 Kg8 42. Ke1 Kf8 43. Kd1 Ke7 44. Kc2 Qe6 45. Qb4+ Kd8 46. Qd4+ Kc7 47. Qc4+ Qxc4 48. dxc4 a5 1-0

[Event "Belgrade Zimski op"]
[Site "Belgrade"]
[Date "2005.01.26"]
[Round "4"]
[White "Jedjini, Pavel"]
[Black "Cukic, Goran"]
[Result "1/2-1/2"]
[WhiteElo "1967"]
[BlackElo "2023"]
[PlyCount "97"]
[EventDate "2005.01.22"]
[EventType "swiss"]
[EventRounds "9"]
[EventCountry "YUG"]
[SourceTitle "CBM 104 Extra"]
[Source "ChessBase"]
[SourceDate "2005.03.01"]
[SourceVersion "1"]
[SourceVersionDate "2005.03.01"]
[SourceQuality "1"]

1. d4 Nf6 2. Nf3 g6 3. g3 Bg7 4. Bg2 0-0 5. 0-0 d6 6. c4 Nbd7 7. Nc3 c6 8. e4 a5 9. Bg5 e5 10. d5 Nc5 11. Nd2 a4 12. Be3 Nd3 13. Qb1 Nb4 14. a3 cxd5 15. axb4 d4 16. Bxd4 exd4 17. Nb5 Qb6 18. Qd3 Bd7 19. Qxd4 Qxd4 20. Nxd4 Nxe4 21. Nxe4 Bxd4 22. Rab1 Bf5 23. Rfd1 Bg7 24. Rd2 Rfd8 25. Rbd1 Bxe4 26. Bxe4 a3 27. bxa3 Rxa3 28. Rxd6 Rxd6 29. Rxd6 Ra6 30. Rd8+ Bf8 31. b5 Ra4 32. Bd5 b6 33. Rb8 Ra2 34. Rxb6 Rxf2 35. Rb8 Rf6 36. b6 Rxb6 37. Rc8 Kg7 38. Rc7 Rf6 39. Kg2 g5 40. Kh3 h5 41. Kg2 g4 42. h3 Bb4 43. hxg4 hxg4 44. Rb7 Bc5 45. Rb5 Bd4 46. Rb1 Rf2+ 47. Kh1 Be5 48. Rg1 Bd6 49. Rg2 1/2-1/2

[Event "Belgrade Zimski op"]
[Site "Belgrade"]
[Date "2005.01.22"]
[Round "1"]
[White "Cukic, Goran"]
[Black "Cerovic, Danilo"]
[Result "0-1"]
[WhiteElo "2023"]
[BlackElo "2149"]
[PlyCount "56"]
[EventDate "2005.01.22"]
[EventType "swiss"]
[EventRounds "9"]
[EventCountry "YUG"]
[SourceTitle "CBM 104 Extra"]
[Source "ChessBase"]
[SourceDate "2005.03.01"]
[SourceVersion "1"]
[SourceVersionDate "2005.03.01"]
[SourceQuality "1"]

1. e4 c5 2. Nc3 d6 3. Nf3 Nf6 4. d4 cxd4 5. Nxd4 a6 6. Bc4 e6 7. Bb3 Nbd7 8. 0-0 Nc5 9. Bg5 Be7 10. Re1 0-0 11. Qf3 h6 12. Bh4 Qc7 13. Rad1 b5 14. Qg3 b4 15. Bxf6 Bxf6 16. Na4 Bb7 17. Nxc5 Qxc5 18. Qd3 Rfd8 19. c3 bxc3 20. bxc3 a5 21. c4 Ba6 22. Nb5 d5 23. exd5 exd5 24. Bc2 g6 25. Qf3 Kg7 26. Rxd5 Rxd5 27. Be4 Re5 28. Rd1 Rae8 0-1

[Event "JUG-ch2 email"]
[Site "Yugoslavia"]
[Date "1999.??.??"]
[Round "?"]
[White "Brkic, Zoran"]
[Black "Cukic, Goran"]
[Result "1-0"]
[WhiteElo "2523"]
[BlackElo "2200"]
[PlyCount "51"]
[EventDate "1999.09.02"]
[EventType "tourn (corr)"]
[EventRounds "18"]
[EventCountry "YUG"]
[SourceTitle "Corr 2002"]
[Source "ChessBase"]
[SourceDate "2002.05.23"]
[SourceVersion "1"]
[SourceVersionDate "2002.05.23"]
[SourceQuality "1"]

1. d4 Nf6 2. Nf3 a6 3. a4 d5 4. Bf4 c6 5. e3 g6 6. h3 Bg7 7. Bd3 0-0 8. 0-0 Nbd7 9. Nbd2 Nh5 10. Bh2 c5 11. c3 c4 12. Bc2 Qa5 13. Ra3 Nhf6 14. b4 cxb3 15. Rxb3 e6 16. e4 dxe4 17. Nxe4 Nxe4 18. Bxe4 Qxa4 19. Bxb7 Bxb7 20. Rxb7 Qxd1 21. Rxd1 Nf6 22. c4 Rfc8 23. Ne5 Ne8 24. Nxf7 Rxc4 25. Ng5 Rc6 26. Be5 1-0

[Event "JUG-ch2 email"]
[Site "Yugoslavia"]
[Date "1999.??.??"]
[Round "?"]
[White "Cukic, Goran"]
[Black "Steriev, Ljupce"]
[Result "0-1"]
[WhiteElo "2200"]
[BlackElo "2200"]
[PlyCount "70"]
[EventDate "1999.09.02"]
[EventType "tourn (corr)"]
[EventRounds "18"]
[EventCountry "YUG"]
[SourceTitle "Corr 2002"]
[Source "ChessBase"]
[SourceDate "2002.05.23"]
[SourceVersion "1"]
[SourceVersionDate "2002.05.23"]
[SourceQuality "1"]

1. e4 e5 2. f4 d5 3. exd5 e4 4. d3 Nf6 5. dxe4 Nxe4 6. Nf3 Bc5 7. Qe2 Qxd5 8. Nbd2 f5 9. Ng5 0-0 10. Ndxe4 fxe4 11. Nxe4 Bb6 12. Bd2 Nc6 13. c4 Qf7 14. Ng5 Qg6 15. 0-0-0 h6 16. Nf3 Re8 17. Qd3 Bf5 18. Qa3 Bf2 19. Qb3 Rad8 20. h3 Be4 21. h4 Qg4 22. Qc3 Bg3 23. c5 Bxf4 24. Re1 Kh8 25. a3 Qf5 26. Bxf4 Qxf4+ 27. Nd2 Nd4 28. Bd3 Bxg2 29. Rxe8+ Rxe8 30. Rd1 Qxh4 31. Nc4 Ne2+ 32. Bxe2 Rxe2 33. Qd4 Qxd4 34. Rxd4 Re4 35. Rd8+ Kh7 0-1

[Event "JUG-ch2 email"]
[Site "Yugoslavia"]
[Date "1999.??.??"]
[Round "?"]
[White "Kerekes, Jozef"]
[Black "Cukic, Goran"]
[Result "1/2-1/2"]
[WhiteElo "2360"]
[BlackElo "2200"]
[PlyCount "77"]
[EventDate "1999.09.02"]
[EventType "tourn (corr)"]
[EventRounds "18"]
[EventCountry "YUG"]
[SourceTitle "Corr 2002"]
[Source "ChessBase"]
[SourceDate "2002.05.23"]
[SourceVersion "1"]
[SourceVersionDate "2002.05.23"]
[SourceQuality "1"]

1. d4 Nf6 2. c4 g6 3. Nc3 d5 4. cxd5 Nxd5 5. e4 Nxc3 6. bxc3 Bg7 7. Nf3 c5 8. Rb1 0-0 9. Be3 Nc6 10. Qd2 cxd4 11. cxd4 Bg4 12. d5 Bxf3 13. gxf3 Ne5 14. Be2 Rc8 15. 0-0 b6 16. Rfc1 Qd7 17. Qb4 Qh3 18. Rxc8 Rxc8 19. Qxe7 Nxf3+ 20. Bxf3 Qxf3 21. Qd7 Rf8 22. Rb4 f5 23. exf5 Qd1+ 24. Kg2 Rxf5 25. Qe8+ Rf8 26. Qe6+ Kh8 27. Rf4 Rd8 28. Rf7 Qxd5+ 29. Qxd5 Rxd5 30. Rxa7 Bd4 31. a4 Bxe3 32. fxe3 Rd2+ 33. Kg3 Re2 34. Re7 Kg8 35. h4 Rc2 36. Kf4 Rc5 37. Rb7 Rc4+ 38. Kg5 Rxa4 39. Rb8+ 1/2-1/2